| 000 | nam a22 7a 4500 | ||
|---|---|---|---|
| 999 |
_c219499 _d219499 |
||
| 003 | Nust | ||
| 005 | 20170210123000.0 | ||
| 008 | 170210b xxu||||| |||| 00| 0 eng d | ||
| 040 | _c0 | ||
| 082 | _a510 | ||
| 100 | _4Budnick, Frank S. | ||
| 245 |
_aStudent solution manual of applied mathematics for business, economics & the social sciences _cFrank S Budnick |
||
| 250 | _a4th edition | ||
| 300 | _a641p | ||
| 942 |
_2ddc _cBK |
||